BIBLIOTECA

SENCICO

Catálogo arquitectura movimiento moderno Perú / (Registro nro. 4161)

Detalles MARC
000 -LEADER
fixed length control field 01055nam a22003137a 4500
003 - CONTROL NUMBER IDENTIFIER
control field PE SENCICO BE
005 - DATE AND TIME OF LATEST TRANSACTION
control field 20260319155837.0
008 - FIXED-LENGTH DATA ELEMENTS--GENERAL INFORMATION
fixed length control field 230518b |||||||| |||| 00| 0 eng d
020 ## - INTERNATIONAL STANDARD BOOK NUMBER
International Standard Book Number 978-9972-45-382-3
040 ## - CATALOGING SOURCE
Original cataloging agency PE SENCICO BE
Transcribing agency PE SENCICO BE
041 ## - LANGUAGE CODE
Language code of text/sound track or separate title spa
082 ## - DEWEY DECIMAL CLASSIFICATION NUMBER
Classification number 720.985
Item number A17
100 1# - MAIN ENTRY--PERSONAL NAME
9 (RLIN) 1055
Personal name Acevedo, Alejandra
Relator term autor
245 1# - TITLE STATEMENT
Title Catálogo arquitectura movimiento moderno Perú /
Statement of responsibility, etc. Alejandra Acevedo, Michelle Llona
250 ## - EDITION STATEMENT
Edition statement 1a ed.
260 ## - PUBLICATION, DISTRIBUTION, ETC.
Place of publication, distribution, etc. Lima :
Name of publisher, distributor, etc. Universidad de Lima,
Date of publication, distribution, etc. 2017
300 ## - PHYSICAL DESCRIPTION
Extent 455 p. :
Other physical details il., planos ;
Dimensions 24 cm.
440 1# - SERIES STATEMENT/ADDED ENTRY--TITLE
9 (RLIN) 1056
Title Colección investigaciones
505 ## - FORMATTED CONTENTS NOTE
Formatted contents note Edificios modernos -- Listado general de edificios -- Mapas -- Arquitectos
650 14 - SUBJECT ADDED ENTRY--TOPICAL TERM
9 (RLIN) 49
Topical term or geographic name entry element Arquitectura
650 24 - SUBJECT ADDED ENTRY--TOPICAL TERM
9 (RLIN) 191
Topical term or geographic name entry element Arquitectura moderna
650 24 - SUBJECT ADDED ENTRY--TOPICAL TERM
9 (RLIN) 370
Topical term or geographic name entry element Arquitectura de viviendas
650 24 - SUBJECT ADDED ENTRY--TOPICAL TERM
9 (RLIN) 216
Topical term or geographic name entry element Edificaciones
650 24 - SUBJECT ADDED ENTRY--TOPICAL TERM
9 (RLIN) 59
Topical term or geographic name entry element Construcción de viviendas
650 20 - SUBJECT ADDED ENTRY--TOPICAL TERM
9 (RLIN) 1058
Topical term or geographic name entry element Patrimonio arquitectónico
651 10 - SUBJECT ADDED ENTRY--GEOGRAPHIC NAME
9 (RLIN) 661
Geographic name Perú
700 1# - ADDED ENTRY--PERSONAL NAME
9 (RLIN) 1057
Personal name Llona, Michelle
Relator term autor
942 ## - ADDED ENTRY ELEMENTS (KOHA)
Source of classification or shelving scheme Dewey Decimal Classification
Koha item type Libros
Existencias
Fecha de la última vez que lo usaron Número de ingreso o de inventario Pago total Signatura topográfica completa Código de barras Precio efectivo desde Tipo de documento Estado perdido Sistema de clasificación Estado dañado No es para préstamo Retirado Ubicación permanente Ubicación actual Fecha de adquisición
18/05/2023 16310   R/720.985/A17 BibLima26032673 18/05/2023 Libros   Dewey Decimal Classification       Biblioteca Central Lima Biblioteca Central Lima 18/05/2023
19/03/2026     R/720.985/A17 BibZpiur26032674 19/03/2026 Libros   Dewey Decimal Classification       Biblioteca Piura Biblioteca Piura 19/03/2026
19/03/2026     R/720.985/A17/ej. 2 BibZpiur26032684 19/03/2026 Libros   Dewey Decimal Classification       Biblioteca Piura Biblioteca Piura 19/03/2026